Juice Leskinen - Statistics

Yleistilastot
  • Tätä visaa on pelattu 43 kertaa
  • Keskiarvotulos 14 / 22
Vastaustilastot
Hint Vastaus % Oikein
Seuraavaksi Juicen kappaleita Musta _______ nousee Aurinko
94%
Missä Juice Leskinen vietti nuoruusvuotensa? Juankoski
94%
Mihin hän muutti valmistuttuaan ylioppilaaksi? Tampere
94%
Juice Leskisen yhtyeet ______ Int (1972-1975) Coitus
89%
Juice Leskisen yksi pitkäaikaisempia työkumppaneita? Mikko Alatalo
83%
Mussolini __________ Perusdiini
83%
Juice Leskinen _____ ____(1981–1991, 1994, 1995) Grand Slam
80%
Kuinka monessa yhtyeessä Juice toimi? 6
77%
_________ palaa rikospaikalle Pyromaani
77%
______ Pieksämäen asemalla Bluesia
74%
Seuraavaksi Juice Leskisen albumeita ___ ____, runoilija Per Vers
74%
Juice Leskinen ____ (1977 – 1981) Slam
69%
______________ ruokavalio Keskitysleirin
66%
Kuopio - Iisalmi - ______ Nivala
60%
Minkä genren isähahmona Juice Leskistä pidettiin? Rock
57%
3:__ 30
54%
_____ (1975 – 1977) Juice
51%
Ajan _____ Henki
49%
Välikausi_____ (1977 – 1977 takki
40%
Juice Leskisen 1973 julkaistun debyyttialbumin nimi? Juice Leskinen & Coitus Int
37%
_________ aamu Tampereen
31%
Juice Leskinen ___ (1992) ETC
14%
Ehtoja vastaavia visoja ei löytynyt
Tulosjakauma
Jokaisen tuloksen saaneiden osuus
Persentiili vastausten määrän mukaan
Tuloshistoriasi
Et ole pelannut tätä visaa